LOTR: Races Quiz Stats

 Plays Quiz Updated Jul 7, 2021

Support Sporcle.
Go Orange.
Score 0/18 Timer 03:00
4 Plays Today
Hint Race % Correct
LegolasElf
99.4%
GimliDwarf
98.4%
AragornHuman
98.4%
FrodoHobbit
98.2%
GandalfIstari
95.8%
TreebeardEnt
88.2%
GorbagOrc
87.8%
ShadowfaxMearas
83.9%
SmaugDragon
75.4%
Hint Race % Correct
Witch-king of AngmarNazgûl
70.9%
GwaihirEagle
63.9%
BertTroll
56.9%
UglúkUruk-hai
54.7%
UngoliantGiant Spider
46.9%
(Evil wolf-like creatures)Warg
43%
(Huge beasts of the Haradrim)Mûmakil
33.3%
(Foul, winged steeds)Fell Beast
18.3%
CarcharothWerewolf
6.1%

You're not logged in!

Compare scores with friends on all Sporcle quizzes.
OR
Log In
Forgot?

From the Vault

TV Shows on the Red Carpet

by BigAl1994

It's amazing what a huge difference some nice clothes can make.
Remove Ads.
Support Sporcle.
Get the best of Sporcle when you Go Orange. This ad-free experience offers more features, more stats, and more fun while also helping to support Sporcle. Thank you for becoming a member.

Show Comments

Extras

Top Quizzes Today


Score Distribution

Your Account Isn't Verified!

In order to create a playlist on Sporcle, you need to verify the email address you used during registration. Go to your Sporcle Settings to finish the process.

Report this User

Report this user for behavior that violates our Community Guidelines.

Details: